Online katalóg knižníc regiónu Turca

Kazko Vlasko (Record no. 21351)

MARC details
000 -LEADER
fixed length control field 01747cam a2200445 a 4500
001 - CONTROL NUMBER
control field 21351
003 - CONTROL NUMBER IDENTIFIER
control field VRT
005 - DATE AND TIME OF LATEST TRANSACTION
control field 20260227151001.0
008 - FIXED-LENGTH DATA ELEMENTS--GENERAL INFORMATION
fixed length control field 250313s1978 xo 000 j slo
015 ## - NATIONAL BIBLIOGRAPHY NUMBER
National bibliography number SNBA1979
035 ## - SYSTEM CONTROL NUMBER
System control number SNK000057360
035 ## - SYSTEM CONTROL NUMBER
System control number urn:nbn:sk:snk-amju64
035 ## - SYSTEM CONTROL NUMBER
System control number urn:nbn:sk:snk-am0080w6
035 ## - SYSTEM CONTROL NUMBER
System control number 8547625D-EEDC-4941-BFF2-58FDF27D081C
039 #9 - LEVEL OF BIBLIOGRAPHIC CONTROL AND CODING DETAIL [OBSOLETE]
Level of rules in bibliographic description 202503131229
Level of effort used to assign nonsubject heading access points VLOAD
Level of effort used to assign subject headings 202402261455
Level of effort used to assign classification VLOAD
Level of effort used to assign subject headings 202205110840
Level of effort used to assign classification VLOAD
Level of effort used to assign subject headings 201808141215
Level of effort used to assign classification VLOAD
040 ## - CATALOGING SOURCE
Original cataloging agency SNK
Language of cataloging slo
Transcribing agency SNK
Description conventions AACR2
041 0# - LANGUAGE CODE
Language code of text/sound track or separate title slo
044 ## - COUNTRY OF PUBLISHING/PRODUCING ENTITY CODE
MARC country code xo
ISO country code SK
080 ## - UNIVERSAL DECIMAL CLASSIFICATION NUMBER
Universal Decimal Classification number 885.4-3(087.5)
Edition identifier 1981
100 1# - MAIN ENTRY--PERSONAL NAME
Personal name Ferko, Andrej,
Dates associated with a name 1955-
Relationship aut
245 10 - TITLE STATEMENT
Title Kazko Vlasko
Remainder of title (podľa skutočných udalostí v slovenskom mestečku v istom storočí s použitím záznamov tamojšieho kronikára a podľa rozprávania priamych potomkov a očitých svedkov a účastníkov oných udalostí)
Statement of responsibility, etc. Andrej Ferko ; [ilustroval Ján Lebiš ; grafická úprava Ondrej Máriássy]
250 ## - EDITION STATEMENT
Edition statement 1. vyd.
260 ## - PUBLICATION, DISTRIBUTION, ETC.
Place of publication, distribution, etc. Bratislava
Name of publisher, distributor, etc. Mladé letá
Date of publication, distribution, etc. 1978
300 ## - PHYSICAL DESCRIPTION
Extent 75 s.
Dimensions 26 cm
366 ## - TRADE AVAILABILITY INFORMATION
Note 5000 výt.
500 ## - GENERAL NOTE
General note Ilustr. na tit. liste a front.
655 #7 - INDEX TERM--GENRE/FORM
Genre/form data or focus term slovenské rozprávky
Source of term SNKPH
655 #7 - INDEX TERM--GENRE/FORM
Genre/form data or focus term autorské rozprávky
Source of term SNKPH
655 #7 - INDEX TERM--GENRE/FORM
Genre/form data or focus term publikácie pre deti a mládež
Source of term SNKPH
700 1# - ADDED ENTRY--PERSONAL NAME
Personal name Máriássy, Ondrej
Relationship ill
700 1# - ADDED ENTRY--PERSONAL NAME
Personal name Lebiš, Ján,
Dates associated with a name 1931-1996
Relationship ill
942 ## - ADDED ENTRY ELEMENTS (KOHA)
Source of classification or shelving scheme Dewey Decimal Classification
Koha item type Krásna literatúra pre deti
Suppress in OPAC No
949 ## - LOCAL PROCESSING INFORMATION (OCLC)
6 4710704008
a strmkM
b strmk2008/4008
949 ## - LOCAL PROCESSING INFORMATION (OCLC)
6 3869A08651
a bpksh885.4(02.053.2)-31
b bpksh48301
949 ## - LOCAL PROCESSING INFORMATION (OCLC)
6 4710703987
a strmkM
b strmk2008/3987
949 ## - LOCAL PROCESSING INFORMATION (OCLC)
6 17A0971309
a snkSB 27618
b snkKSP 1019/79
s 6100:20140925
949 ## - LOCAL PROCESSING INFORMATION (OCLC)
a snkSB 27618 D1
b snkKSP 1020/79
Holdings
Stav vyradenia Strata Poškodenie Spôsob nadobudnutia Domovská knižnica Aktuálna knižnica Dátum nadobudnutia Total checkouts Čiarový kód exemplára Date last seen Typ exemplára
      Dar Obecná knižnica Horná Štubňa Obecná knižnica Horná Štubňa 27.02.2026   4736201519 27.02.2026 Krásna literatúra pre deti
Projekt je podporený Slovenskou asociáciou knižníc
Prevádzkuje Turčianska knižnica Martin 2026